[Event "Bayern-chTT (RL Sued-West)"]
[Site "Bayern 2008/09"]
[Date "2009.03.01"]
[Round "7.1"]
[White "Schreiner, Richard"]
[Black "Schenk, Uwe Dr(64)"]
[Result "1-0"]
[WhiteElo "2096"]
[BlackElo "2150"]
[PlyCount "123"]
[EventDate "2009.03.??"]
[EventType "team-tourn"]
[EventRounds "9"]
[WhiteTeam "Garching 2"]
[BlackTeam "Sonthofen 1"]

1. Nf3 g6 2. g3 Bg7 3. Bg2 d6 4. c4 e5 5. O-O f5 6. d4 Nd7 7. Nc3 Ngf6 8. dxe5
dxe5 9. e4 O-O 10. exf5 gxf5 11. Bg5 c6 12. Qe2 Qe8 13. Nh4 Nc5 14. b4 Ne6 15.
Bxf6 Nd4 16. Qxe5 Bxf6 17. Qxe8 Rxe8 18. Rac1 Be6 19. c5 a5 20. b5 Rad8 21.
bxc6 bxc6 22. Rfe1 Rb8 23. Nf3 Kf7 24. Ne5+ Bxe5 25. Rxe5 Rb2 26. h3 Reb8 27.
Re3 Rd2 28. Rce1 Rbb2 29. Bxc6 Nxc6 30. Rxe6 Nd4 31. Re7+ Kg6 32. Rf1 Rbc2 33.
Nd5 Nf3+ 34. Kg2 Rxd5 35. Kxf3 Rdxc5 36. Rfe1 R5c3+ 37. Kg2 Rc6 38. a3 Ra2 39.
R7e6+ Rxe6 40. Rxe6+ Kf7 41. Re3 Kf6 42. Kf3 Rc2 43. Rd3 Ke5 44. Rb3 Rc5 45. a4
Kd4 46. Kf4 Kc4 47. Rb7 h5 48. Kg5 Kd4 49. Kxh5 Ke4 50. Rb3 f4+ 51. Kg4 fxg3
52. fxg3 Ke5 53. Rf3 Ke6 54. Rf4 Rd5 55. h4 Rd8 56. h5 Rg8+ 57. Kh4 Ke5 58. Rg4
Ra8 59. h6 Kf6 60. Kh5 Rc8 61. Rf4+ Ke6 62. h7 1-0

[Event "Bayern-chTT (RL Sued-West)"]
[Site "Bayern 2008/09"]
[Date "2009.03.01"]
[Round "7.2"]
[White "Pleyer, Felix"]
[Black "Englert, Jan"]
[Result "0-1"]
[WhiteElo "1997"]
[BlackElo "2071"]
[PlyCount "56"]
[EventDate "2009.03.??"]
[EventType "team-tourn"]
[EventRounds "9"]
[WhiteTeam "Sonthofen 1"]
[BlackTeam "Garching 2"]

1. e4 d6 2. d4 Nf6 3. Nc3 Nbd7 4. Be2 e5 5. Nf3 Be7 6. O-O O-O 7. Re1 c6 8. a4
b6 9. Bd3 a6 10. Qe2 Qc7 11. Nd1 Re8 12. Ne3 Bf8 13. Nf5 exd4 14. Bf4 Ne5 15.
N3xd4 Ng6 16. Qf3 c5 17. Ne2 c4 18. Neg3 cxd3 19. cxd3 Nxf4 20. Qxf4 Bxf5 21.
Nxf5 Rac8 22. Qg5 Kh8 23. Rac1 Qd7 24. Rcd1 Ng8 25. Re3 f6 26. Qh4 g6 27. Nd4
Rc5 28. f4 Qxa4 0-1

[Event "Bayern-chTT (RL Sued-West)"]
[Site "Bayern 2008/09"]
[Date "2009.03.01"]
[Round "7.3"]
[White "Rusche, Johannes"]
[Black "Rogg, Gerhard"]
[Result "0-1"]
[WhiteElo "2036"]
[BlackElo "2046"]
[PlyCount "94"]
[EventDate "2009.03.??"]
[EventType "team-tourn"]
[EventRounds "9"]
[WhiteTeam "Garching 2"]
[BlackTeam "Sonthofen 1"]

1. e4 e6 2. d4 d5 3. Bd3 dxe4 4. Bxe4 Nf6 5. Bf3 Be7 6. Ne2 Nbd7 7. Bf4 Bd6 8.
Bxd6 cxd6 9. O-O d5 10. Re1 O-O 11. Nbc3 Nb6 12. Nf4 Bd7 13. Nd3 Rc8 14. Ne2
Bc6 15. Rc1 Nbd7 16. Nef4 Qb6 17. c3 Ne4 18. Nb4 Ndf6 19. Nxc6 Rxc6 20. Nd3
Rfc8 21. h4 R6c7 22. g4 Nd6 23. Qe2 Nd7 24. g5 Nf8 25. Bg4 g6 26. Kg2 Re8 27.
Qf3 h5 28. gxh6 f5 29. Bh3 Rh7 30. Qe3 Nf7 31. h5 Rxh6 32. hxg6 Nxg6 33. Rg1
Kh7 34. Kf1 Qd8 35. Rh1 Nd6 36. f4 Qf6 37. Rc2 Ne4 38. Rch2 Nh4 39. Ne5 Rg8 40.
Bg2 Ng3+ 41. Kf2 Nxh1+ 42. Bxh1 Qg7 43. Ke2 Qf6 44. Qh3 Qg7 45. Qe3 Ng6 46. Nf3
Rxh2+ 47. Nxh2 Qh6 0-1

[Event "Bayern-chTT (RL Sued-West)"]
[Site "Bayern 2008/09"]
[Date "2009.03.01"]
[Round "7.4"]
[White "Oberhofer, Max"]
[Black "Wittke, Volker"]
[Result "0-1"]
[WhiteElo "1996"]
[BlackElo "2084"]
[PlyCount "44"]
[EventDate "2009.03.??"]
[EventType "team-tourn"]
[EventRounds "9"]
[WhiteTeam "Sonthofen 1"]
[BlackTeam "Garching 2"]

1. g3 Nf6 2. Bg2 c5 3. Nf3 Nc6 4. d4 cxd4 5. Nxd4 g6 6. c4 Bg7 7. Nc3 O-O 8.
O-O Qb6 9. Nc2 d6 10. b3 Be6 11. Bb2 Rac8 12. h3 Bxc4 13. Bxc6 bxc6 14. Na4 Qa6
15. Re1 Be6 16. Kh2 Rfd8 17. Nd4 Bd7 18. Nc3 d5 19. Nf3 Ne4 20. Nxe4 Bxb2 21.
Nc5 Qb6 22. Na4 Qxf2+ 0-1

[Event "Bayern-chTT (RL Sued-West)"]
[Site "Bayern 2008/09"]
[Date "2009.03.01"]
[Round "7.5"]
[White "Mueller, Marcus(63)"]
[Black "Hopfauf, Fridolin"]
[Result "1-0"]
[WhiteElo "2132"]
[BlackElo "2075"]
[PlyCount "51"]
[EventDate "2009.03.??"]
[EventType "team-tourn"]
[EventRounds "9"]
[WhiteTeam "Garching 2"]
[BlackTeam "Sonthofen 1"]

1. Nf3 Nf6 2. c4 g6 3. Nc3 Bg7 4. e4 d6 5. d4 O-O 6. Be2 Bg4 7. Be3 Nc6 8. d5
Bxf3 9. Bxf3 Na5 10. Be2 c5 11. O-O e6 12. Qc2 exd5 13. cxd5 a6 14. Rad1 Re8
15. f4 b5 16. Bf3 Nc4 17. Bf2 Nh5 18. g3 Nxb2 19. Qxb2 b4 20. e5 bxc3 21. Qxc3
Rc8 22. Rfe1 dxe5 23. fxe5 Qg5 24. Qc4 Bxe5 25. d6 Red8 26. Bxh5 1-0

[Event "Bayern-chTT (RL Sued-West)"]
[Site "Bayern 2008/09"]
[Date "2009.03.01"]
[Round "7.6"]
[White "Kuhnert, Josef"]
[Black "Lutz, Gerhard(65)"]
[Result "1-0"]
[WhiteElo "1963"]
[BlackElo "2084"]
[PlyCount "99"]
[EventDate "2009.03.??"]
[EventType "team-tourn"]
[EventRounds "9"]
[WhiteTeam "Sonthofen 1"]
[BlackTeam "Garching 2"]

1. d4 d6 2. e4 Nf6 3. Nc3 Nbd7 4. Nf3 e5 5. Bc4 Be7 6. O-O O-O 7. h3 c6 8. a4
b6 9. dxe5 dxe5 10. Qe2 Qc7 11. Rd1 a6 12. Bg5 Bb7 13. a5 b5 14. Bb3 Rfe8 15.
Bd2 h6 16. Nh4 Bf8 17. Nf5 Nc5 18. f3 Nxb3 19. cxb3 Rad8 20. Be3 Rxd1+ 21. Nxd1
Qd7 22. Qf2 Qe6 23. Qh4 Rd8 24. Nf2 Rd7 25. Ng4 Nxg4 26. Qxg4 Kh7 27. b4 Qg6
28. Nxh6 Rd3 29. Qxg6+ Kxg6 30. Ng4 f6 31. Bc5 Bxc5+ 32. bxc5 Rd2 33. Ne3 Rxb2
34. Nf5 Bc8 35. Ne7+ Kf7 36. Nxc8 Rc2 37. Rd1 Rxc5 38. Rd7+ Kf8 39. Ra7 b4 40.
Rb7 Rc1+ 41. Kh2 c5 42. Nd6 Rc3 43. Rb6 b3 44. Rxa6 b2 45. Rb6 Ra3 46. Rxb2
Rxa5 47. Rb7 Ra6 48. Nf5 Ra4 49. Ne3 Rb4 50. Rc7 1-0

[Event "Bayern-chTT (RL Sued-West)"]
[Site "Bayern 2008/09"]
[Date "2009.03.01"]
[Round "7.7"]
[White "Weinberger, Wolfgang"]
[Black "Maugg, Ludwig"]
[Result "1-0"]
[WhiteElo "2039"]
[BlackElo "1956"]
[PlyCount "113"]
[EventDate "2009.03.??"]
[EventType "team-tourn"]
[EventRounds "9"]
[WhiteTeam "Garching 2"]
[BlackTeam "Sonthofen 1"]

1. d4 Nf6 2. c4 c5 3. d5 b5 4. Nd2 bxc4 5. e4 c3 6. bxc3 g6 7. Bc4 d6 8. Ne2
Bg7 9. O-O O-O 10. a4 Nbd7 11. f4 Nb6 12. Bb5 Rb8 13. Qc2 e6 14. dxe6 Bxe6 15.
Ng3 Ng4 16. Rf3 a5 17. h3 Nf6 18. Ba3 Qc7 19. f5 Bd7 20. fxg6 fxg6 21. Rb1 Kh8
22. c4 Bxb5 23. Rxb5 Nfd7 24. Ne2 Ne5 25. Rxf8+ Rxf8 26. Rb1 Qf7 27. Rf1 Qd7
28. Rxf8+ Bxf8 29. Nc3 Nbxc4 30. Nxc4 Nxc4 31. Bc1 Bg7 32. Ne2 Ne5 33. Bd2 Nc6
34. Qc4 Nd4 35. Nf4 Be5 36. Nd5 Qd8 37. Qa6 Nb3 38. Bh6 Nd4 39. Nb6 Nc6 40. Nc4
Bd4+ 41. Kh1 Qh4 42. Qa8+ Nd8 43. Kh2 Bf6 44. Bd2 Kg7 45. Qd5 Nf7 46. g3 Qh5
47. Qxh5 gxh5 48. Bxa5 h4 49. Bb6 hxg3+ 50. Kxg3 Ng5 51. a5 Nxe4+ 52. Kf3 Ng5+
53. Ke2 Ne6 54. a6 Nd4+ 55. Kd1 d5 56. a7 dxc4 57. Bxc5 1-0

[Event "Bayern-chTT (RL Sued-West)"]
[Site "Bayern 2008/09"]
[Date "2009.03.01"]
[Round "7.8"]
[White "Froehlich, Rainer(37)"]
[Black "Cramer, Christian(69)"]
[Result "0-1"]
[WhiteElo "1912"]
[BlackElo "1944"]
[PlyCount "104"]
[EventDate "2009.03.??"]
[EventType "team-tourn"]
[EventRounds "9"]
[WhiteTeam "Sonthofen 1"]
[BlackTeam "Garching 2"]

1. c4 c6 2. g3 d5 3. Qc2 g6 4. Bg2 Nf6 5. d3 Bg7 6. e4 dxe4 7. dxe4 Na6 8. Qd2
Be6 9. Qxd8+ Rxd8 10. Na3 Nc5 11. f3 Nd3+ 12. Ke2 Nxc1+ 13. Rxc1 Nxe4 14. Rc2
Nc5 15. Bh3 f5 16. b3 O-O 17. Nb1 Nd3 18. a3 Rd7 19. Bg2 Rfd8 20. Nh3 Nc5 21.
Ng5 Bf7 22. Nxf7 Kxf7 23. Nd2 e5 24. b4 Ne6 25. Nb3 Rd3 26. Nc5 Rxa3 27. Nxe6
Kxe6 28. Rb1 Bf8 29. c5 h5 30. b5 Ra5 31. bxc6 bxc6 32. Ke1 Bxc5 33. Bf1 Rd4
34. Bc4+ Kf6 35. Rb7 Be7 36. Ke2 Rc5 37. Bd3 Rxc2+ 38. Bxc2 a5 39. Ke3 Bb4 40.
f4 Bd2+ 41. Ke2 exf4 42. Bb3 fxg3 43. hxg3 Bb4 44. Rb6 Rd2+ 45. Ke3 Rd6 46. Rb7
Kg5 47. Rg7 Be1 48. Ra7 Kg4 49. Ke2 Bc3 50. Ra6 Kxg3 51. Ba4 f4 52. Bxc6 f3+
0-1

[Event "Bayern-chTT (RL Sued-West)"]
[Site "Bayern 2008/09"]
[Date "2009.03.01"]
[Round "7.1"]
[White "Juptner, Jan"]
[Black "Dengler, Peter"]
[Result "1-0"]
[WhiteElo "2230"]
[BlackElo "2246"]
[PlyCount "57"]
[EventDate "2009.03.??"]
[EventType "team-tourn"]
[EventRounds "9"]
[WhiteTeam "München-Tarrasch 2"]
[BlackTeam "Unterhaching 1"]

1. d4 d5 2. c4 e6 3. Nc3 Nf6 4. cxd5 exd5 5. Bg5 Nbd7 6. e3 Bb4 7. Bd3 c5 8.
Nge2 h6 9. Bh4 c4 10. Bc2 O-O 11. O-O Be7 12. f3 b6 13. Bf2 Bb7 14. Ng3 Re8 15.
e4 dxe4 16. fxe4 g6 17. e5 Nd5 18. Qf3 Nb4 19. Be4 Bxe4 20. Ngxe4 Rf8 21. Be3
Kg7 22. Qf4 g5 23. Qf5 f6 24. e6 Nc2 25. Ng3 Nxe3 26. Nh5+ Kh8 27. Qg6 Rf7 28.
exf7 Qf8 29. Rae1 1-0

[Event "Bayern-chTT (RL Sued-West)"]
[Site "Bayern 2008/09"]
[Date "2009.03.01"]
[Round "7.2"]
[White "Ahmann, Niki"]
[Black "Singer, Christoph(70)"]
[Result "0-1"]
[WhiteElo "2165"]
[BlackElo "2312"]
[PlyCount "74"]
[EventDate "2009.03.??"]
[EventType "team-tourn"]
[EventRounds "9"]
[WhiteTeam "Unterhaching 1"]
[BlackTeam "München-Tarrasch 2"]

1. e4 e5 2. f4 Bc5 3. Qh5 d6 4. fxe5 g6 5. Qf3 dxe5 6. Bc4 Qh4+ 7. g3 Qf6 8.
Nc3 c6 9. d3 Nd7 10. Bd2 a5 11. a4 Qg7 12. Nge2 Ngf6 13. g4 Nb6 14. g5 Nxc4 15.
dxc4 Nh5 16. Ng3 Nxg3 17. Qxg3 Be6 18. b3 O-O 19. O-O-O f5 20. gxf6 Qxf6 21.
Bg5 Bf2 22. Bxf6 Bxg3 23. Be7 Bf4+ 24. Kb2 Rf7 25. Rd8+ Rxd8 26. Bxd8 Bg4 27.
Bxa5 Bf3 28. Re1 Bxh2 29. Bb6 g5 30. Bf2 g4 31. Ne2 Bxe2 32. Rxe2 g3 33. Be3
Rf3 34. Bc5 h5 35. Kc1 h4 36. Bd6 Rf2 37. Re1 g2 0-1

[Event "Bayern-chTT (RL Sued-West)"]
[Site "Bayern 2008/09"]
[Date "2009.03.01"]
[Round "7.3"]
[White "Buchner, Rudolf"]
[Black "Schmidt, Gerhard(40)"]
[Result "0-1"]
[WhiteElo "2191"]
[BlackElo "2171"]
[PlyCount "102"]
[EventDate "2009.03.??"]
[EventType "team-tourn"]
[EventRounds "9"]
[WhiteTeam "München-Tarrasch 2"]
[BlackTeam "Unterhaching 1"]

1. e4 c5 2. c3 d5 3. exd5 Qxd5 4. d4 cxd4 5. cxd4 Nc6 6. Nf3 e5 7. Nc3 Bb4 8.
Bd2 Bxc3 9. Bxc3 e4 10. Ne5 Nxe5 11. dxe5 Ne7 12. Qe2 Bf5 13. Rd1 Qc5 14. Qb5+
Qxb5 15. Bxb5+ Nc6 16. Kd2 Be6 17. Ke3 Bxa2 18. Rd6 O-O 19. Kxe4 Be6 20. Rhd1
Rac8 21. h3 h5 22. f4 g6 23. Be2 h4 24. Bg4 Rfe8 25. Be1 f5+ 26. Kf3 fxg4+ 27.
hxg4 Nd8 28. Bxh4 Nf7 29. R6d4 g5 30. Bg3 gxf4 31. Bxf4 Red8 32. g5 Rxd4 33.
Rxd4 Kg7 34. g3 Kg6 35. Ke3 Rc7 36. Ra4 a6 37. Ra1 Rc6 38. Ra4 b5 39. Rd4 Kf5
40. Rd1 Rc2 41. Ra1 Rc6 42. g6 Kxg6 43. Rh1 a5 44. Kd4 Rc4+ 45. Ke3 Bf5 46. Rh2
Re4+ 47. Kd2 Kg7 48. Rh5 Bg6 49. Rh2 Nxe5 50. Kc3 Rc4+ 51. Kb3 Nf3 0-1

[Event "Bayern-chTT (RL Sued-West)"]
[Site "Bayern 2008/09"]
[Date "2009.03.01"]
[Round "7.4"]
[White "Urankar, Hans-Peter"]
[Black "Haritonov, Alexander"]
[Result "0-1"]
[WhiteElo "2180"]
[BlackElo "2187"]
[PlyCount "76"]
[EventDate "2009.03.??"]
[EventType "team-tourn"]
[EventRounds "9"]
[WhiteTeam "Unterhaching 1"]
[BlackTeam "München-Tarrasch 2"]

1. d4 Nf6 2. Bf4 e6 3. e3 b6 4. Nf3 Be7 5. h3 O-O 6. Bd3 Ba6 7. O-O c5 8. Bxa6
Nxa6 9. c3 Qc8 10. Qe2 cxd4 11. exd4 Qb7 12. a4 Qe4 13. Qd2 Rfc8 14. Re1 Qb7
15. Na3 d5 16. Qe2 Nc7 17. Nb5 Nce8 18. Nd2 Qd7 19. g4 g6 20. Qd1 a6 21. Na3
Nd6 22. Qb3 h5 23. Nf3 Qb7 24. Ne5 Kg7 25. f3 hxg4 26. hxg4 Rh8 27. Kg2 Nd7 28.
Rh1 g5 29. Bg3 Rxh1 30. Rxh1 Nf8 31. Rh5 f6 32. Nd3 Ng6 33. Qd1 Nf7 34. Nc2 Qd7
35. Ne3 Bd6 36. Bf2 b5 37. axb5 Qxb5 38. Qc2 Qxd3 0-1

[Event "Bayern-chTT (RL Sued-West)"]
[Site "Bayern 2008/09"]
[Date "2009.03.01"]
[Round "7.5"]
[White "Trescher, Manfred"]
[Black "Broschwitz, Martin"]
[Result "1/2-1/2"]
[WhiteElo "2134"]
[BlackElo "2086"]
[PlyCount "39"]
[EventDate "2009.03.??"]
[EventType "team-tourn"]
[EventRounds "9"]
[WhiteTeam "München-Tarrasch 2"]
[BlackTeam "Unterhaching 1"]

1. e4 c6 2. d4 d5 3. e5 Bf5 4. Nc3 e6 5. g4 Bg6 6. Nge2 h6 7. Be3 Nd7 8. Nf4
Bh7 9. h4 Ne7 10. Bd3 Bxd3 11. Qxd3 Qa5 12. O-O c5 13. b4 cxb4 14. Nb5 Nc6 15.
a3 bxa3 16. Nxa3 Bxa3 17. Rxa3 Qd8 18. Nxe6 Qxh4 19. Nc7+ Kd8 20. Nxa8 1/2-1/2

[Event "Bayern-chTT (RL Sued-West)"]
[Site "Bayern 2008/09"]
[Date "2009.03.01"]
[Round "7.6"]
[White "Czap, Bernard"]
[Black "Schwarzberg, Ilja"]
[Result "1-0"]
[WhiteElo "2094"]
[BlackElo "2085"]
[PlyCount "53"]
[EventDate "2009.03.??"]
[EventType "team-tourn"]
[EventRounds "9"]
[WhiteTeam "Unterhaching 1"]
[BlackTeam "München-Tarrasch 2"]

1. e4 d5 2. exd5 Qxd5 3. Nc3 Qa5 4. d4 Nf6 5. Nf3 Bg4 6. h3 Bh5 7. g4 Bg6 8.
Bd2 Nbd7 9. Bc4 c6 10. Qe2 Qc7 11. Ne5 b5 12. Nxg6 hxg6 13. Bd3 e6 14. O-O-O
Bd6 15. Kb1 a5 16. g5 Nh5 17. d5 O-O 18. dxc6 b4 19. Nb5 Qxc6 20. Be4 Qa6 21.
Bxa8 Be7 22. Bf3 Nc5 23. Nd4 Qc8 24. Be3 Re8 25. Nc6 Bf8 26. Qb5 Nb7 27. Na7
1-0

[Event "Bayern-chTT (RL Sued-West)"]
[Site "Bayern 2008/09"]
[Date "2009.03.01"]
[Round "7.7"]
[White "Rasch, Gerhard"]
[Black "Demir, Bilal"]
[Result "0-1"]
[WhiteElo "2063"]
[BlackElo "2083"]
[PlyCount "66"]
[EventDate "2009.03.??"]
[EventType "team-tourn"]
[EventRounds "9"]
[WhiteTeam "München-Tarrasch 2"]
[BlackTeam "Unterhaching 1"]

1. c4 c6 2. g3 d5 3. Bg2 Nf6 4. Nf3 g6 5. b3 Bg7 6. Bb2 O-O 7. O-O Nbd7 8. d4
Re8 9. Nbd2 e5 10. dxe5 Ng4 11. cxd5 cxd5 12. h3 Ngxe5 13. Nd4 Nf6 14. Rc1 Bd7
15. N2f3 Ne4 16. Nxe5 Bxe5 17. e3 Qb6 18. Qe2 Rac8 19. Kh2 Rxc1 20. Rxc1 Nxg3
21. fxg3 Bxd4 22. Bxd4 Qxd4 23. Rd1 Rxe3 24. Qf2 Qxd1 25. Qxe3 Bc6 26. Qe5 Qd2
27. Qb8+ Kg7 28. Qe5+ Kf8 29. Qd6+ Ke8 30. Kh1 Qc1+ 31. Kh2 Qc2 32. b4 a6 33.
a3 d4 0-1

[Event "Bayern-chTT (RL Sued-West)"]
[Site "Bayern 2008/09"]
[Date "2009.03.01"]
[Round "7.8"]
[White "Sann, Michael"]
[Black "Koch, Enrico"]
[Result "1/2-1/2"]
[WhiteElo "2019"]
[BlackElo "2046"]
[PlyCount "45"]
[EventDate "2009.03.??"]
[EventType "team-tourn"]
[EventRounds "9"]
[WhiteTeam "Unterhaching 1"]
[BlackTeam "München-Tarrasch 2"]

1. d4 d5 2. c4 c6 3. Nf3 Nf6 4. Nc3 e6 5. e3 Nbd7 6. b3 Bb4 7. Bd2 O-O 8. Be2
Bd6 9. Qc2 Re8 10. O-O dxc4 11. bxc4 e5 12. d5 e4 13. Nd4 Qc7 14. h3 a6 15.
Rab1 cxd5 16. cxd5 Be5 17. Kh1 Bxd4 18. exd4 Nxd5 19. Rfc1 Nxc3 20. Bxc3 Nf6
21. Qb3 b5 22. d5 Qf4 23. Bxf6 1/2-1/2

[Event "Bayern-chTT (RL Sued-West)"]
[Site "Bayern 2008/09"]
[Date "2009.03.01"]
[Round "7.1"]
[White "Wolfsteiner, Helmut"]
[Black "Fauth, Dietmar Dr"]
[Result "1/2-1/2"]
[WhiteElo "2255"]
[BlackElo "2170"]
[PlyCount "91"]
[EventDate "2009.03.??"]
[EventType "team-tourn"]
[EventRounds "9"]
[WhiteTeam "Kriegshaber 1"]
[BlackTeam "München-Siemens 1"]

1. Nf3 c5 2. g3 b6 3. Bg2 Bb7 4. O-O Nf6 5. d3 d6 6. e4 Nbd7 7. Nc3 e6 8. Nh4
a6 9. f4 Qc7 10. f5 e5 11. Nd5 Nxd5 12. exd5 Be7 13. c4 Bxh4 14. gxh4 O-O-O 15.
Bg5 Rdg8 16. Kh1 h6 17. Be3 Nf6 18. Be4 Kb8 19. Qf3 Qe7 20. b4 Rc8 21. bxc5
bxc5 22. Rab1 Ka7 23. Rg1 Rhg8 24. Rb2 Rb8 25. Rbg2 Nxe4 26. dxe4 Qf6 27. h5 a5
28. Bf2 Ba6 29. Rg4 Qe7 30. f6 Qd7 31. Rxg7 Rh8 32. Qa3 Rb4 33. Qxa5 Rhb8 34.
Rxf7 Qxf7 35. Rg7 Rb1+ 36. Be1 R1b7 37. Rxf7 Rxf7 38. Kg2 Rxf6 39. Qc7+ Rb7 40.
Qd8 Rg7+ 41. Bg3 Rgf7 42. Qe8 Bxc4 43. Qa4+ Ba6 44. Bh4 Rg7+ 45. Bg3 Rf8 46.
Kg1 1/2-1/2

[Event "Bayern-chTT (RL Sued-West)"]
[Site "Bayern 2008/09"]
[Date "2009.03.01"]
[Round "7.2"]
[White "Ruether, Rudolf"]
[Black "Bintakies, Michael"]
[Result "0-1"]
[WhiteElo "2105"]
[BlackElo "2127"]
[PlyCount "50"]
[EventDate "2009.03.??"]
[EventType "team-tourn"]
[EventRounds "9"]
[WhiteTeam "München-Siemens 1"]
[BlackTeam "Kriegshaber 1"]

1. d4 f5 2. g3 Nf6 3. Bg2 g6 4. Nf3 Bg7 5. O-O O-O 6. b3 d6 7. Bb2 Qe8 8. Nbd2
Nc6 9. Re1 e5 10. dxe5 dxe5 11. e4 f4 12. Qe2 h6 13. b4 a6 14. a4 fxg3 15. hxg3
Ng4 16. Rf1 Be6 17. b5 axb5 18. axb5 Rxa1 19. Bxa1 Nd4 20. Nxd4 exd4 21. Nf3 g5
22. Rd1 Qh5 23. Kf1 Rxf3 24. Bxf3 Nh2+ 25. Kg2 g4 0-1

[Event "Bayern-chTT (RL Sued-West)"]
[Site "Bayern 2008/09"]
[Date "2009.03.01"]
[Round "7.3"]
[White "Hahn, Christoph Dr(70)"]
[Black "Boehm, Uwe(56)"]
[Result "1/2-1/2"]
[WhiteElo "2137"]
[BlackElo "2078"]
[PlyCount "130"]
[EventDate "2009.03.??"]
[EventType "team-tourn"]
[EventRounds "9"]
[WhiteTeam "Kriegshaber 1"]
[BlackTeam "München-Siemens 1"]

1. d4 d5 2. Nf3 Nc6 3. Bf4 Bg4 4. e3 e6 5. c4 Bb4+ 6. Nc3 Nf6 7. a3 Bxc3+ 8.
bxc3 O-O 9. h3 Bh5 10. Bg5 h6 11. cxd5 exd5 12. Bxf6 Qxf6 13. Be2 Rfd8 14. O-O
a6 15. c4 dxc4 16. Bxc4 Ne7 17. g4 Bg6 18. Ne5 b5 19. Nxg6 Qxg6 20. Bd3 Qd6 21.
Be4 Rac8 22. Qf3 c5 23. Bb7 Rb8 24. dxc5 Qxc5 25. Rfc1 Qb6 26. Be4 Rbc8 27.
Rxc8 Rxc8 28. Rd1 Rd8 29. Rc1 Qa5 30. Rd1 Rd2 31. Rxd2 Qxd2 32. Qf4 Qd8 33. Qe5
Kh8 34. Qh5 Kg8 35. Qc5 Ng6 36. Qc6 Qf6 37. Qxf6 gxf6 38. f4 Kf8 39. Kf2 Ke7
40. Bb7 a5 41. Ba6 b4 42. axb4 axb4 43. Bc4 Nf8 44. Kf3 Nd7 45. Ke4 b3 46. Kd3
Nc5+ 47. Kc3 Kf8 48. Bxb3 Ke7 49. Bc4 Ne4+ 50. Kd4 Nd6 51. e4 Nc8 52. h4 Nd6
53. Ba6 Ne8 54. Bb5 Nc7 55. Bc4 Ne8 56. Kc5 Nc7 57. h5 Ne8 58. Kc6 f5 59. exf5
f6 60. Be6 Nd6 61. g5 fxg5 62. fxg5 Nxf5 63. Bxf5 hxg5 64. h6 Kf7 65. Be6+ Kg6
1/2-1/2

[Event "Bayern-chTT (RL Sued-West)"]
[Site "Bayern 2008/09"]
[Date "2009.03.01"]
[Round "7.4"]
[White "Markl, Martin"]
[Black "Stoer, Andreas"]
[Result "0-1"]
[WhiteElo "2052"]
[BlackElo "2122"]
[PlyCount "65"]
[EventDate "2009.03.??"]
[EventType "team-tourn"]
[EventRounds "9"]
[WhiteTeam "München-Siemens 1"]
[BlackTeam "Kriegshaber 1"]

1. d4 d5 2. c4 c6 3. Nc3 Nf6 4. Nf3 a6 5. c5 Nbd7 6. h3 Ne4 7. Nxe4 dxe4 8. Nd2
e5 9. Nxe4 exd4 10. b4 b6 11. Qxd4 bxc5 12. Nd6+ Bxd6 13. Qxd6 cxb4 14. Rb1 a5
15. Bb2 Nf6 16. Qxc6+ Bd7 17. Qd6 Qb8 18. Qxb8+ Rxb8 19. e3 Be6 20. Be5 Rb7 21.
Rb2 O-O 22. Be2 Rd8 23. O-O a4 24. a3 b3 25. Ba6 Ra7 26. Be2 Rc8 27. Rd1 Ra5
28. Rbd2 Rd5 29. Bb5 Rxb5 30. Rd8+ Ne8 31. Rxc8 Bxc8 32. Rd8 Rxe5 33. Rxc8 0-1

[Event "Bayern-chTT (RL Sued-West)"]
[Site "Bayern 2008/09"]
[Date "2009.03.01"]
[Round "7.5"]
[White "Jermann, Frank Dr"]
[Black "Joerg, Harald Dr"]
[Result "1/2-1/2"]
[WhiteElo "2088"]
[BlackElo "2167"]
[PlyCount "41"]
[EventDate "2009.03.??"]
[EventType "team-tourn"]
[EventRounds "9"]
[WhiteTeam "Kriegshaber 1"]
[BlackTeam "München-Siemens 1"]

1. d4 f5 2. Bf4 Nf6 3. e3 g6 4. h3 d6 5. Bc4 e6 6. Nf3 Qe7 7. Nc3 Bg7 8. Qe2
Ne4 9. Nxe4 fxe4 10. Nd2 d5 11. Bb3 O-O 12. c3 b6 13. f3 Ba6 14. Qf2 exf3 15.
Nxf3 c5 16. Qg3 Rc8 17. h4 Nd7 18. h5 Bd3 19. O-O-O Be4 20. hxg6 Bxg6 21. Ne5
1/2-1/2

[Event "Bayern-chTT (RL Sued-West)"]
[Site "Bayern 2008/09"]
[Date "2009.03.01"]
[Round "7.6"]
[White "Amelang, Thomas"]
[Black "Stelter, Felix"]
[Result "1/2-1/2"]
[WhiteElo "2064"]
[BlackElo "2132"]
[PlyCount "54"]
[EventDate "2009.03.??"]
[EventType "team-tourn"]
[EventRounds "9"]
[WhiteTeam "München-Siemens 1"]
[BlackTeam "Kriegshaber 1"]

1. e4 e6 2. d4 d5 3. exd5 exd5 4. Bd3 Bd6 5. h3 Nf6 6. Qf3 Be6 7. Ne2 Nbd7 8.
Bf4 Qe7 9. Nbc3 a6 10. O-O O-O-O 11. Rfe1 h6 12. Ng3 Bxf4 13. Qxf4 g5 14. Qe3
Qd6 15. Nf5 Bxf5 16. Bxf5 Rhe8 17. Qd2 Kb8 18. Rxe8 Rxe8 19. Re1 Rxe1+ 20. Qxe1
Nb6 21. b3 Qf4 22. Qe5 Qc1+ 23. Kh2 Nh5 24. g3 Qd2 25. Qe8+ Ka7 26. Qe3 Qxe3
27. fxe3 Nf6 1/2-1/2

[Event "Bayern-chTT (RL Sued-West)"]
[Site "Bayern 2008/09"]
[Date "2009.03.01"]
[Round "7.7"]
[White "Demel, Paul"]
[Black "Osthoff, Michael"]
[Result "1-0"]
[WhiteElo "2053"]
[BlackElo "1936"]
[PlyCount "95"]
[EventDate "2009.03.??"]
[EventType "team-tourn"]
[EventRounds "9"]
[WhiteTeam "Kriegshaber 1"]
[BlackTeam "München-Siemens 1"]

1. Nf3 d5 2. d4 Nf6 3. c4 c6 4. Nc3 e6 5. Bg5 dxc4 6. e4 b5 7. e5 h6 8. Bh4 g5
9. Nxg5 hxg5 10. Bxg5 Nbd7 11. g3 Qb6 12. exf6 Bb7 13. Bg2 O-O-O 14. O-O Bh6
15. Be3 Bxe3 16. fxe3 c5 17. Qg4 Bxg2 18. Kxg2 b4 19. Ne2 Rh6 20. Rac1 Rg6 21.
Qh4 Qc6+ 22. Kg1 Nb6 23. b3 c3 24. Nxc3 bxc3 25. Rxc3 c4 26. Rfc1 Qf3 27. Rf1
Qd5 28. bxc4 Qa5 29. Rc2 Qa4 30. Rfc1 Qa5 31. Qe4 Rd7 32. Qc6+ Rc7 33. Qe8+ Kb7
34. c5 Qa4 35. Qxa4 Nxa4 36. Rc4 Nxc5 37. Rxc5 Rxc5 38. Rxc5 Rxf6 39. Kg2 Rh6
40. g4 f6 41. Kg3 Rh7 42. h4 Re7 43. g5 Rg7 44. Kg4 Kb6 45. Kh5 e5 46. gxf6
Rh7+ 47. Kg6 Rxh4 48. Rxe5 1-0

[Event "Bayern-chTT (RL Sued-West)"]
[Site "Bayern 2008/09"]
[Date "2009.03.01"]
[Round "7.8"]
[White "Mattes, Heinz Dr"]
[Black "Schechter, Dimitri"]
[Result "0-1"]
[WhiteElo "1888"]
[BlackElo "2082"]
[PlyCount "70"]
[EventDate "2009.03.??"]
[EventType "team-tourn"]
[EventRounds "9"]
[WhiteTeam "München-Siemens 1"]
[BlackTeam "Kriegshaber 1"]

1. d4 d5 2. Nf3 Nf6 3. e3 e6 4. Bd3 Be7 5. b3 O-O 6. Nbd2 b6 7. Ne5 Bb7 8. O-O
c5 9. Bb2 Nc6 10. f4 Rc8 11. a3 Qc7 12. Qe2 Nd7 13. Rae1 f5 14. c4 Ndxe5 15.
fxe5 Na5 16. cxd5 Bxd5 17. e4 fxe4 18. Bxe4 Bxe4 19. Qxe4 cxd4 20. Rxf8+ Bxf8
21. Qg4 Qd7 22. Ne4 Kh8 23. Ng5 h6 24. Qh5 d3 25. Rf1 d2 26. Nf7+ Kh7 27. Ng5+
Kg8 28. Ne4 Qd3 29. Qg4 Rd8 30. Nd6 Qxb3 31. Bd4 Nc6 32. Nf7 Rxd4 33. Nxh6+ Kh7
34. Qh5 Qe3+ 35. Kh1 Qxh6 0-1